| 000 | 01867nam0a2200373 4500 | ||
|---|---|---|---|
| 001 | RU\NLR\bibl\1810632 | ||
| 005 | 20250616153519.0 | ||
| 010 |
_a978-5-7695-6863-3 _91500 |
||
| 021 |
_aRU _b2011-63479 _94454 |
||
| 035 | _a(nilc)LIBNET\0000212312 | ||
| 035 | _a(NLR Aleph) 001801250 | ||
| 090 |
_a1793323 _c1793323 |
||
| 100 | _a20120221d2011 |||y0rusy50 ca | ||
| 101 | 0 | _arus | |
| 102 | _aRU | ||
| 105 | _aa ||||||||| | ||
| 200 | 1 |
_aРемонт автомобильного электрооборудования _eучебное пособие для использования в учебном процессе образовательных учреждений, реализующих программы начального профессионального образования по профессии "Слесарь по ремонту автомобилей" _fВ. Г. Доронкин |
|
| 210 |
_aМосква _cАкадемия _d2011 |
||
| 215 |
_a76, [3] с. _cил. _d24 |
||
| 225 | 1 | _aНепрерывное профессиональное образование | |
| 320 | _aБиблиогр.: с. 78 (3 назв.) | ||
| 606 | 1 |
_aАвтомобили _jУчебные издания для начального профессионального образования _xЭлектрооборудование _xРемонт _92354899 _3RU\NLR\auth\661406659 |
|
| 686 |
_a39.33-048.2я722 _vLBC/RL _2rubbk |
||
| 686 | _aО33-083я722-1 | ||
| 700 | 1 |
_4070 _aДоронкин _bВ. Г. _gВладимир Геннадьевич _9134790 _3RU\NLR\AUTH\770134824 |
|
| 801 | 0 |
_aRU _bПсковская ОУНБ _c20120221 _grcr |
|
| 801 | 1 |
_aRU _bПсковская ОУНБ _c20120221 |
|
| 801 | 2 |
_aRU _bNLR _c20110919 _grcr |
|
| 830 | _aавт7 по кн. | ||
| 942 | _cBOOK | ||
| 980 | _aNB | ||
| 980 | _aNBR | ||